00997nam a2200217 a 450000100100000000500170001000800410002702000150006804000250008304100380010808200150014624501900016124600720035126001260042330000200054949000320056983000390060104900090064095201130064999900170076200002966120200930055718.0110419s1984 dr 000 0 spa d a3880852375 aDO-SdBNPbspacBNPHU17aspaheng2Código de idioma MARC axxxxbE56i03aUn enfoque integrado para solucionar los problemas habitacionales de las capas de bajos ingresos de la población = An integrated approach to the housing problems of low-income groups.00aAn integrated approach to the housing problems of low-income groups aSanto Domingo :bDeutsche Gesellschaft fü Technische Zusammenarbeit :bInstituto Nacional de la Vivienda (INVI),c1984. a35 p. ;c23 cm.1 aSchriftenreihe der GTZv160 0aSchriftenreihe der GTZv160956463 aBNPD 0010718PDaPDbPDcCTd2011-04-19iLF1l0oxxxx E56ip29661-10r2020-06-25w2020-06-25yLFPDZNo se presta c29153d29153